000 00415nam a2200169Ia 4500
008 260330s1993 xx 000 0 und d
020 _a978-0-140-36901-0
041 _aeng
082 _a920
_bLAR
100 _aLALA, R.M.
245 _aBEYOND THE LAST BLUE MOUNTAIN
260 _aPune
_bPENGUIN BOOKS LTD. PUNE
_c1993
300 _a402pg
_bPB
365 _cRs.
650 _aBiography
700 _aLALA, R.M.
999 _c1218206
_d1218206